Sociología de la vejez
Gorde:
| Erakunde egilea: | |
|---|---|
| Formatua: | Liburua |
| Hizkuntza: | gaztelania |
| Argitaratua: |
Madrid
U.D.P
1992
|
| Saila: | Colección Caminar
|
| Gaiak: | |
| Etiketak: |
Etiketa erantsi
Etiketarik gabe, Izan zaitez lehena erregistro honi etiketa jartzen!
|
MARC
| LEADER | 00000nam a2200000 a 4500 | ||
|---|---|---|---|
| 001 | UCY2254 | ||
| 003 | CL-VaPUC | ||
| 008 | 941019e19920000SP |||||||||||||||||spa|d | ||
| 082 | 0 | 4 | |a 362.6 |b UNI |2 21 |
| 110 | 2 | |a Unión Democrática de Pensionistas y Jubilados de España |e author |9 330296 | |
| 245 | 1 | 0 | |a Sociología de la vejez |
| 300 | |a 210 p | ||
| 942 | |c BK | ||
| 945 | |d 19941019 00:00:00 |a rbrito | ||
| 260 | |a Madrid |b U.D.P |c 1992 | ||
| 650 | 0 | |a Trabajo social |9 307856 | |
| 650 | 0 | |a Ancianos |9 307293 | |
| 650 | 0 | |a Aspectos sociológicos |9 309271 | |
| 583 | |a last modification |c 19941019 00:00:00 |k Rodrigo Vera | ||
| 490 | 0 | |a Colección Caminar | |
| 999 | |c 230714 |d 230712 | ||
| 952 | |0 0 |1 0 |4 0 |6 362_600000000000000_UNI_1992 |7 0 |8 A |9 233196 |a BIBGIM |b BIBGIM |d 2019-11-15 |i 3024075 |o 362.6 UNI 1992 |p 3024075 |r 2025-01-15 |w 2019-11-15 |y BK |k SSL | ||